| 000 | 00428cam a2200181ua 4500 | ||
|---|---|---|---|
| 001 | 3893 | ||
| 008 | 111207n ii |||gr||||Z||||||asm | ||
| 040 | _cMAIN | ||
| 082 | _a782.25 | ||
| 100 | 1 | _aBaruah, Chandradhar, | |
| 245 | 1 | 1 |
_aBidyut bikash _cby Chandradhar Baruah |
| 250 | _a2nd. | ||
| 260 |
_aJorhat: _bKarunadhar Baruah,964. |
||
| 300 | _a52p:5cm. | ||
| 653 | _aAssamese song | ||
| 653 | _aBidyut bikash | ||
| 942 | _cBK | ||
| 999 |
_c3716 _d3716 |
||